Beyond Syria's borders : (Record no. 28158)

MARC details
000 -LEADER
campo de control de longitud fija 01652cam a2200313 i 4500
001 - NÚMERO DE CONTROL
campo de control 124950
005 - FECHA Y HORA DE LA ÚLTIMA TRANSACCIÓN
campo de control 20230410103914.0
008 - DATOS DE LONGITUD FIJA--INFORMACIÓN GENERAL
campo de control de longitud fija 170519s2014 enka 000 0 eng
020 ## - NÚMERO INTERNACIONAL ESTÁNDAR DEL LIBRO
Número Internacional Estándar del Libro 9781780767420
041 0# - CÓDIGO DE IDIOMA
Código de lengua del texto/banda sonora o título independiente eng
050 14 - SIGNATURA TOPOGRÁFICA DE LA BIBLIOTECA DEL CONGRESO
Número de clasificación 432 DS 95.5
Número de ítem L962b 2014
100 1# - ENTRADA PRINCIPAL--NOMBRE DE PERSONA
Nombre de persona Lundgren Jorum, Emma
245 10 - MENCIÓN DEL TÍTULO
Título Beyond Syria's borders :
Resto del título a history of territorial disputes in the Middle East /
Mención de responsabilidad, etc. Emma Lundgren Jorum
260 ## - PUBLICACIÓN, DISTRIBUCIÓN, ETC.
Lugar de publicación, distribución, etc. London :
Nombre del editor, distribuidor, etc. Tauris,
Fecha de publicación, distribución, etc. 2014
300 ## - DESCRIPCIÓN FÍSICA
Extensión 214 p. :
Otras características físicas ill.;
Dimensiones 24 cm
440 #0 - MENCIÓN DE SERIE/PUNTO DE ACCESO ADICIONAL--TÍTULO
Título Library of modern Middle East studies;
Designación de volumen o secuencia 155
505 0# - NOTA DE CONTENIDO CON FORMATO
Nota de contenido con formato Acknowledgements List of Maps Introduction The consolidation of the territorial state and the political development of the Syrian Arab Republic We are not strangers here: Syrian policy towards Lebanon From forgotten to stolen territory: Syrian policies towards Hatay The Golan Heights: From the Arab to the Syrian Cause Conclusions Notes References Index
520 ## - RESUMEN, ETC.
Sumario, etc. Through an examination of Syria's policies concerning the lost territories of Hatay in Turkey and the Golan Heights, the author analyses Syrian-Turkish, Syrian-Lebanese and Syrian-Israeli relations, explaining why some losses have been pushed to one side and others remain at the forefront in Syria's international relations and diplomacy efforts.
650 #0 - PUNTO DE ACCESO ADICIONAL DE MATERIA--TÉRMINO DE MATERIA
Término de materia o nombre geográfico como elemento de entrada Territory, National
Subdivisión geográfica Syria.
651 #0 - PUNTO DE ACCESO ADICIONAL DE MATERIA--NOMBRE GEOGRÁFICO
Nombre geográfico Syria
Subdivisión general Boundaries.
651 #0 - PUNTO DE ACCESO ADICIONAL DE MATERIA--NOMBRE GEOGRÁFICO
Nombre geográfico Syria
Subdivisión general Foreign relations.
651 #0 - PUNTO DE ACCESO ADICIONAL DE MATERIA--NOMBRE GEOGRÁFICO
Nombre geográfico Syria
Subdivisión general History
Subdivisión cronológica 20th century.
650 #4 - PUNTO DE ACCESO ADICIONAL DE MATERIA--TÉRMINO DE MATERIA
Término de materia o nombre geográfico como elemento de entrada Territorio nacional
Subdivisión geográfica Siria.
651 #4 - PUNTO DE ACCESO ADICIONAL DE MATERIA--NOMBRE GEOGRÁFICO
Nombre geográfico Siria
Subdivisión general Límites.
651 #4 - PUNTO DE ACCESO ADICIONAL DE MATERIA--NOMBRE GEOGRÁFICO
Nombre geográfico Siria
Subdivisión general Relaciones exteriores.
651 #4 - PUNTO DE ACCESO ADICIONAL DE MATERIA--NOMBRE GEOGRÁFICO
Nombre geográfico Siria
Subdivisión general Historia
Subdivisión cronológica Siglo XX.
942 ## - ELEMENTOS DE ENTRADA SECUNDARIOS (KOHA)
Fuente del sistema de clasificación o colocación Clasificación de Library of Congress
Tipo de ítem Koha
946 ## - PROCESAMIENTO DE INFORMACIÓN LOCAL (OCLC)
a dpf
Holdings
Estatus retirado Estado de pérdida Fuente del sistema de clasificación o colocación Estado de daño No para préstamo Colección Biblioteca de origen Biblioteca actual Ubicación en estantería Fecha de adquisición Serial enumeration / chronology Signatura topográfica completa Código de barras Visto por última vez Copia número Tipo de ítem Koha
    Clasificación de Library of Congress     Recursos Regionales Biblioteca Juan Bosch Biblioteca Juan Bosch Recursos Regionales (2do. Piso) 10/04/2023 1 432 DS 95.5 L962b 2014 00000117260 23/10/2018 1